[Event "FRA-chT4 1516"]
[Site "Champagne Ardennes"]
[Date "2016.03.14"]
[Round "6.4"]
[White "Nawara, Abd El Rahim"]
[Black "Shaverdashvili, Irakli"]
[Result "1-0"]
[WhiteElo "1702"]
[BlackElo "1632"]
[PlyCount "57"]
[EventDate "2015.12.06"]
[EventType "team-tourn"]
[EventRounds "7"]
[EventCountry "FRA"]
[SourceTitle "EXT 2024"]
[Source "ChessBase"]
[SourceDate "2023.10.10"]
[SourceVersion "1"]
[SourceVersionDate "2023.10.10"]
[SourceQuality "1"]

1. d4 d5 2. Bf4 e6 3. Nf3 c5 4. e3 Nc6 5. Nc3 h6 6. Be2 Nf6 7. 0-0 c4 8. Nb5 Bd7 9. Nc7+ Ke7 10. Nxa8 Qxa8 11. Ne5 g5 12. Nxc6+ Bxc6 13. Be5 Rg8 14. Bxf6+ Kxf6 15. f4 Ke7 16. f5 Bg7 17. Bh5 e5 18. f6+ Bxf6 19. Qf3 Bg7 20. Qxf7+ Kd6 21. Qg6+ Kc7 22. Rf7+ Kb6 23. Rxg7 Rxg7 24. Qxg7 e4 25. a4 Qc8 26. a5+ Ka6 27. b4 cxb3 28. Be2+ b5 29. axb6+ 1-0

[Event "FRA-chT4 1516"]
[Site "Champagne Ardennes"]
[Date "2015.12.06"]
[Round "3"]
[White "Shaverdashvili, Irakli"]
[Black "Robert"]
[Result "1-0"]
[WhiteElo "1620"]
[BlackElo "1632"]
[PlyCount "85"]
[EventDate "2015.12.06"]
[EventType "team-tourn"]
[EventRounds "7"]
[EventCountry "FRA"]
[SourceTitle "EXT 2024"]
[Source "ChessBase"]
[SourceDate "2023.10.10"]
[SourceVersion "1"]
[SourceVersionDate "2023.10.10"]
[SourceQuality "1"]

1. c4 Nf6 2. Nc3 e6 3. d4 d6 4. e4 c6 5. Nf3 Be7 6. Bd3 Qc7 7. 0-0 e5 8. h3 Nbd7 9. Be3 0-0 10. Rb1 Re8 11. d5 Nf8 12. Qd2 Bd7 13. Rfc1 Ng6 14. b4 Qc8 15. Kh2 Nh5 16. Ne2 Bf8 17. dxc6 bxc6 18. c5 dxc5 19. Bxc5 Bxc5 20. Rxc5 Nhf4 21. Nxf4 Nxf4 22. Nxe5 Nxd3 23. Qxd3 f6 24. Qc4+ Be6 25. Qc3 fxe5 26. Qxe5 Qb8 27. Qxb8 Raxb8 28. Rb2 Bd7 29. f3 Rb5 30. a4 Rxc5 31. bxc5 a5 32. Rb7 Be6 33. Ra7 Rc8 34. Rxa5 Bc4 35. Ra7 Kf8 36. Kg3 Bb3 37. a5 Bc4 38. h4 Rb8 39. a6 Bf1 40. Rb7 Rc8 41. a7 Ba6 42. Rb8 Ke7 43. a8Q 1-0